书目信息 |
| 题名: |
最新英美报刊选读
|
|
| 作者: | 陈仲利 主编 | |
| 分册: | ||
| 出版信息: | 北京 中国人民大学出版社 2018.09 |
|
| 页数: | 392页 | |
| 开本: | 24cm | |
| 丛书名: | 大学英语选修课系列教材 | |
| 单 册: | ||
| 中图分类: | H319.37 | |
| 科图分类: | ||
| 主题词: | 英语--ying yu--报刊--阅读教学--高等学校--教材 | |
| 电子资源: | ||
| ISBN: | 978-7-300-26115-7 | |
| 000 | 01208nam 2200301 450 | |
| 001 | 202019135409 | |
| 005 | 20191007123107.0 | |
| 010 | @a978-7-300-26115-7@dCNY48.00 | |
| 100 | @a20191004d2018 em y0chiy50 ea | |
| 101 | 0 | @achi@aeng |
| 102 | @aCN@b110000 | |
| 105 | @ay z 000yy | |
| 106 | @ar | |
| 200 | 1 | @a最新英美报刊选读@Azui xin ying mei bao kan xuan du@d= New mass media reading@f主编陈仲利@zeng |
| 205 | @a第4版 | |
| 210 | @a北京@c中国人民大学出版社@d2018.09 | |
| 215 | @a392页@d24cm | |
| 225 | 2 | @a大学英语选修课系列教材@Ada xue ying yu xuan xiu ke xi lie jiao cai |
| 330 | @a本书共分为文化在线 ; 寰球人物 ; 焦点透视 ; 政治体制 ; 财经视窗 ; 科技前沿 ; 环境保护 ; 体育运动 ; 世界报道 ; 文教医疗10章, 内容包括: 路透社100强: 2017年度全球最具创新力大学 ; ICAN荣获诺贝尔和平奖的五大原因等。 | |
| 333 | @a普通高等教育“十一五”国家级规划教材 | |
| 410 | 0 | @12001 @a大学英语选修课系列教材 |
| 510 | 1 | @aNew mass media reading@zeng |
| 517 | 1 | @a英美报刊选读@Aying mei bao kan xuan du |
| 606 | 0 | @a英语@Aying yu@x报刊@x阅读教学@x高等学校@j教材 |
| 690 | @aH319.37@v5 | |
| 701 | 0 | @a陈仲利@Achen zhong li@4主编 |
| 801 | 0 | @aCN@c20190905 |
| 905 | @a河南城建学院图书馆@dH319.37@eC653=4 | |
| 最新英美报刊选读= New mass media reading/主编陈仲利.-第4版.-北京:中国人民大学出版社,2018.09 |
| 392页;24cm.-(大学英语选修课系列教材) |
| 使用对象:普通高等教育“十一五”国家级规划教材 |
| ISBN 978-7-300-26115-7:CNY48.00 |
| 本书共分为文化在线 ; 寰球人物 ; 焦点透视 ; 政治体制 ; 财经视窗 ; 科技前沿 ; 环境保护 ; 体育运动 ; 世界报道 ; 文教医疗10章, 内容包括: 路透社100强: 2017年度全球最具创新力大学 ; ICAN荣获诺贝尔和平奖的五大原因等。 |
| ● |
| 相关链接 |
|
|
|
正题名:最新英美报刊选读
索取号:H319.37/C653=4
 
预约/预借
| 序号 | 登录号 | 条形码 | 馆藏地/架位号 | 状态 | 备注 |
| 1 | 1444149 | 214441497 | 语言库209/209语言库 43排2列6层/ [索取号:H319.37/C653=4] | 在馆 | |
| 2 | 1444150 | 214441503 | 语言库209/209语言库 43排2列6层/ [索取号:H319.37/C653=4] | 在馆 |